| 000 | nam a22 7a 4500 | ||
|---|---|---|---|
| 999 |
_c15778 _d15778 |
||
| 008 | 161104b xxu||||| |||| 00| 0 eng d | ||
| 020 | _a9780314097057 | ||
| 050 | _aGC 11.2 .S443 1997 | ||
| 100 |
_aSegar, Douglas A. _d1997 |
||
| 245 |
_aIntroduction to Ocean Sciences/ _cDouglas A. Segar |
||
| 260 |
_aBelmont, CA: _bWadsworth Publishing Company _c1997. |
||
| 300 |
_axxiii,606p.: _bill.; _c28cm. |
||
| 521 | _aIncludes bibliographical references and index. | ||
| 650 | _aOceanography. | ||
| 942 |
_2lcc _cBOOKS _hGC 11.2 .S443 1997 _01 |
||